| 000 | 00395nam a22001457a 4500 | ||
|---|---|---|---|
| 020 | _a0632023694 | ||
| 082 |
_a624.068 _bHAR _cL-40,P-37 |
||
| 100 |
_aHarris, Frank _927470 |
||
| 245 | _aModern construction management | ||
| 260 |
_aOxford,: _bBSP professional books, _c1990. |
||
| 300 |
_a505p.: _c26cm. |
||
| 526 |
_a0 _b0 _c0 _d624_068000000000000_HAR |
||
| 650 |
_aMCE _9379 |
||
| 942 |
_2ddc _cBK |
||
| 999 |
_c542067 _d542067 |
||